Comparing land use planning approaches in the Mekong Delta, Vietnam

Sparad:
Bibliografiska uppgifter
Huvudupphovsman: Nguyen, Hieu Trung
Materialtyp: Bok
Språk:Undetermined
Publicerad: Vietnam 2006
Ämnen:
Taggar: Lägg till en tagg
Inga taggar, Lägg till första taggen!
Thư viện lưu trữ: Trung tâm Học liệu Trường Đại học Cần Thơ
LEADER 00593nam a2200193Ia 4500
001 CTU_103375
008 210402s9999 xx 000 0 und d
082 |a 631.4 
082 |b Tr513 
100 |a Nguyen, Hieu Trung 
245 0 |a Comparing land use planning approaches in the Mekong Delta, Vietnam 
245 0 |c Nguyen Hieu Trung 
260 |a Vietnam 
260 |c 2006 
526 |a Hệ thống hỗ trợ trong quy hoạch và sử dụng đất 
526 |b PD907 
650 |a Soil science 
904 |i Truc 
980 |a Trung tâm Học liệu Trường Đại học Cần Thơ